| 000 | 00956nam a2200229Ii 4500 | ||
|---|---|---|---|
| 003 | JO-AjNU | ||
| 008 | 230605s9999||||xx |||||||||||||| ||und|| | ||
| 017 | _a2012/1/74 | ||
| 020 | _a978-9957-00-495-8 | ||
| 040 |
_aJO-AjNU _bara _erda _cJO-AjNU |
||
| 041 | _aara | ||
| 050 | 1 | 4 | _aJX1391.A32.2013 |
| 100 | 3 |
_a نوفل ، احمد سعيد ، محي الدين المصري وآخرون ، تحرير واعداد وتقديم بدران ، ابراهيم ، عبد الخالق ، غسان , _eauthor _947514 |
|
| 245 | 0 | 0 | _aالآفاق المستقبلية للعلاقات العربية العربية |
| 250 | _aط1 | ||
| 264 | 3 | 1 | _aعمان : دار الشروق ، 2012 ، رام الله : دار الشروق ، 2012 |
| 300 | _a263ص | ||
| 336 |
_atext _btxt _2rdacontent |
||
| 337 |
_aunmediated _bn _2rdamedia |
||
| 338 |
_avolume _bnc _2rdacarrier |
||
| 650 | 4 |
_aالعلاقات الدولية -- البلدان النامية _947515 |
|
| 999 |
_aA20747 _c24315 _d24315 |
||